Current surgical practice (Record no. 117024)

MARC details
000 -LEADER
fixed length control field 00768nam a2200253 a 4500
008 - FIXED-LENGTH DATA ELEMENTS--GENERAL INFORMATION
fixed length control field
020 ## - INTERNATIONAL STANDARD BOOK NUMBER
International Standard Book Number 0713142820 (pbk.)
049 ## - LOCAL HOLDINGS (OCLC)
Holding library MAIN
090 ## - LOCALLY ASSIGNED LC-TYPE CALL NUMBER (OCLC); LOCAL CALL NUMBER (RLIN)
Classification number (OCLC) (R) ; Classification number, CALL (RLIN) (NR) RD31
Local cutter number (OCLC) ; Book number/undivided call number, CALL (RLIN) CUR
003 - CONTROL NUMBER IDENTIFIER
control field
005 - DATE AND TIME OF LATEST TRANSACTION
control field 20230120204108.0
040 ## - CATALOGING SOURCE
Transcribing agency NUST
245 10 - TITLE STATEMENT
Title Current surgical practice
Number of part/section of a work vol. 1 /
Statement of responsibility, etc. edited by John Hadfield and Michael Hobsley with a foreword by Rodney Smith.
260 ## - PUBLICATION, DISTRIBUTION, ETC.
Place of publication, distribution, etc. England :
Name of publisher, distributor, etc. Edward Arnold,
Date of publication, distribution, etc. 1976.
300 ## - PHYSICAL DESCRIPTION
Extent vi, 268p. :
Other physical details ill. ;
Dimensions 24 cm.
500 ## - GENERAL NOTE
General note Includes index.
504 ## - BIBLIOGRAPHY, ETC. NOTE
Bibliography, etc. note Includes bibliographica references.
650 #1 - SUBJECT ADDED ENTRY--TOPICAL TERM
Topical term or geographic name entry element Surgery.
700 ## - ADDED ENTRY--PERSONAL NAME
Personal name Smith, Rodney.
700 ## - ADDED ENTRY--PERSONAL NAME
Personal name Hobsley, Michael.
700 ## - ADDED ENTRY--PERSONAL NAME
Personal name Hadfield, John.
907 ## - LOCAL DATA ELEMENT G, LDG (RLIN)
a .b10309822
b 30-05-13
c 01-03-12
942 ## - ADDED ENTRY ELEMENTS (KOHA)
Koha item type Ordinary Loan Books
Call number prefix RD31
Call number suffix CUR
Holdings
Date last seen Total Checkouts Full call number Barcode Cost, replacement price Price effective from Koha item type Lost status Source of classification or shelving scheme Damaged status Not for loan Collection Withdrawn status Home library Current library Shelving location Date acquired Cost, normal purchase price
01/20/2023   RD31 CUR 92004008586 80.00 01/20/2023 BOOKS   LCC     NFIC   Medical Medical GEN 01/20/2023 80.00